ՀՀ Գիտությունների ազգային ակադեմիայի հիմնարար գիտական գրադարան  =   Fundamental Scientific Library of NAS RA
Normal view MARC view

Entry Personal Name

Number of records used in: 23

001 - CONTROL NUMBER

  • control field: 1837

003 - CONTROL NUMBER IDENTIFIER

  • control field: AM-YEHGA

005 - DATE AND TIME OF LATEST TRANSACTION

  • control field: 20250617070431.0

008 - FIXED-LENGTH DATA ELEMENTS

  • fixed length control field: 050608 a|ac|n|aab||||||||||||a |n|||||||

040 ## - CATALOGING SOURCE

  • Original cataloging agency: AM-YEHGA

100 1# - HEADING--PERSONAL NAME

  • Personal name: Կարապետյան, Բաբկեն Կարապետի,
  • Dates associated with a name: 1911-1994

400 1# - SEE FROM TRACING--PERSONAL NAME

  • Personal name: Կարապետյան, Բաբկեն,
  • Dates associated with a name: 1911-1994

400 1# - SEE FROM TRACING--PERSONAL NAME

  • Personal name: Карапетян, Бабкен Карапетович,
  • Dates associated with a name: 1911-1994

400 1# - SEE FROM TRACING--PERSONAL NAME

  • Personal name: Карапетян, Бабкен,
  • Dates associated with a name: 1911-1994

400 1# - SEE FROM TRACING--PERSONAL NAME

  • Personal name: Karapetyan, Babken Karapeti,
  • Dates associated with a name: 1911-1994

670 ## - SOURCE DATA FOUND

  • Source citation: Հայկական համառոտ հանրագիտարան, 1995 :
  • Information found: Հ. 2 (Կարապետյան Բաբկեն Կարապետի (2.5.1911, Ալեքսանդրապոլ - 25.10.1994, Երևան), բանաստեղծ: Հայրենական Մեծ պատերազմի մասնակից: Եղել է «Իզվեստիա», «Տրուդ» թերթերի, համամիութեն. ռադիոյի սեփ. թղթակիցը Հայաստանում):

670 ## - SOURCE DATA FOUND

  • Source citation: Կյանքի աղբյուրը : Բանսատեղծություններ, 1986 :
  • Information found: տիտղթ. (Բաբկեն Կարապետի Կարապետյան)

670 ## - SOURCE DATA FOUND

  • Source citation: Հերոսների մոտ : (Ակնարկներ), 1948 :
  • Information found: տիտղթ. (Բաբկեն Կարապետյան)

670 ## - SOURCE DATA FOUND

  • Source citation: Моя любовь : Стихи: Авт. пер. с арм., 1958 :
  • Information found: т.л. (Бабкен Карапетян)

670 ## - SOURCE DATA FOUND

  • Source citation: Вровень с жизнью : Стихи : Авториз. пер. с арм., 1982 :
  • Information found: т.л. (Бабкен Карапетович Карапетян)


ՀՀ ԳԱԱ հիմնարար գիտական գրադարան
ՀՀ,Երևան 0019
Մարշալ Բաղրամյան 24/6
հեռախոս:(374-10) 52-47-50
Հետադարձ կապ

All site content, except where otherwise noted, is licensed under a
Creative Commons License